| 000 | 00556nam a2200193 i 4500 | ||
|---|---|---|---|
| 001 | 134373 | ||
| 003 | ES-MaACL | ||
| 007 | t| | ||
| 008 | 070910s1981 sp ||||1| spa d | ||
| 020 | _a84-7245-123-2 | ||
| 080 | _a929 Watts, Alan | ||
| 100 | 1 |
_aWatts, Alan. _9116209 |
|
| 245 | 1 | 0 |
_aMemorias _b: autobiografía 1915-1965 / _cAlan Watts ; traducción, David Sorembaum. |
| 250 | _a1ª ed. | ||
| 260 |
_aBarcelona : _bKaírós, _c1981. |
||
| 300 |
_a431 p. ; _c20 cm. |
||
| 700 | 1 |
_aRosembaum, David. _999703 |
|
| 852 |
_aES-MaACL _jL-9692 _bR.111652 |
||
| 999 |
_c134373 _d134373 |
||